000 01409nam a2200181Ia 4500
008 151202s9999||||xx |||||||||||||| ||und||
082 _bPNVM-79990
100 _aमॅकफॅदियेन कोडी/अनु- भिडे उदय.
245 _aशॅडो मॅन-द फेस ऑफ डेथ व द डार्कर साइड या मालिकेतील रहस्यमय घटनांची गुंफण असलेली चित्तथरारक कादंबरी.
260 _b"मेहता पब्लिशिंग हाऊस,पुणे."
260 _c2012
300 _a522
600 _aमॅकफॅदियेन कोडी/अनु- भिडे उदय.
630 _aशॅडो मॅन-द फेस ऑफ डेथ व द डार्कर साइड या मालिकेतील रहस्यमय घटनांची गुंफण असलेली चित्तथरारक कादंबरी.
700 _aमॅकफॅदियेन कोडी/अनु- भिडे उदय.
730 _aशॅडो मॅन-द फेस ऑफ डेथ व द डार्कर साइड या मालिकेतील रहस्यमय घटनांची गुंफण असलेली चित्तथरारक कादंबरी.
942 _cBOOK
999 _c1344599
_d1344596